| 000 | 01542nam a2200409 i 4500 | ||
|---|---|---|---|
| 001 | 40958 | ||
| 003 | KOSZ 005 | ||
| 005 | 20220624135621.0 | ||
| 008 | 000725s2000 pl a |100 0 pol | ||
| 015 | _aPB 2000/14636 | ||
| 020 | _a8371513585 | ||
| 040 |
_aWA N _cWA N _dKOSZ 005/HR |
||
| 041 | 0 |
_apol _aeng |
|
| 046 | _k2000 | ||
| 080 | _a338.22(438) | ||
| 080 | _a339.923(4-67) | ||
| 080 | _a(06) | ||
| 245 | 0 | 0 |
_aUnia Europejska wobec procesów integracyjnych - wyzwania dla Polski : _bmateriały z konferencji międzynarodowej zorganizowanej w Warszawie 25 listopada 1999 / _c[red. nauk. Ewa Latoszek] ; Wyższa Szkoła Handlu i Finansów Międzynarodowych. |
| 260 |
_aWarszawa : _b"Elipsa", _c2000. |
||
| 300 |
_a225 s. : _bil. ; _c24 cm. |
||
| 380 | _aKsiążki | ||
| 388 | _a1901-2000 | ||
| 388 | _a1989-2000 | ||
| 504 | _aBibliogr. przy pracach. | ||
| 546 | _aTekst częśc. ang. | ||
| 610 | 2 | 4 | _aUnia Europejska (UE) |
| 650 | 7 | _aIntegracja europejska | |
| 650 | 7 | _aIntegracja gospodarcza | |
| 651 | 4 | _aPolska | |
| 655 | 4 | _aMateriały konferencyjne | |
| 658 | _aGospodarka, ekonomia, finanse | ||
| 700 | 1 |
_aLatoszek, Ewa _d(1954- ) _eRedakcja |
|
| 710 | 2 | _aWyższa Szkoła Handlu i Finansów Międzynarodowych (Warszawa) | |
| 710 | 2 |
_aElipsa Dom Wydawniczy i Handlowy, Włodzimierz Ulicki _4pbl. |
|
| 856 |
_uhttp://koha.tu.koszalin.pl/cgi-bin/koha/opac-detail.pl?biblionumber=40958 _yKatalog online BPK |
||
| 942 |
_2UKD _cKS |
||
| 999 |
_c40958 _d40958 |
||